| 000 | 01806cam a22005534i 4500 | ||
|---|---|---|---|
| 003 | PE-LiUPU | ||
| 005 | 20250731170429.0 | ||
| 008 | 150623s r 000 0 d | ||
| 035 | _a(Sirsi) a25880 | ||
| 040 |
_aPE-LiUPU _bspa _cPE-LiUPU _erda |
||
| 082 | 0 | 4 |
_a170.4 _bD92 _221 |
| 100 | 1 |
_aDorsey, John Morris, _d1900-, _eautor. |
|
| 245 | 1 | 0 |
_aPsychology of ethics / _cJohn Morris Dorsey. |
| 264 | 1 |
_aDetroit, Michigan : _bCenter for Health Education, _c1975. |
|
| 300 |
_a261 páginas : _bilustraciones diagrámas ; _c23 cm. |
||
| 336 |
_atext _2rdacontent |
||
| 337 |
_aunmediated _2rdamedia |
||
| 338 |
_avolume _2rdacarrier |
||
| 504 | _aIncluye bibliografía. | ||
| 505 | 0 | _aSome historical notes. Perspective. Working formulations. The psychology of my ethic. My medical ethic. How my ethic works itself. Ética-Historia-Referencias. | |
| 526 | _aSEG68 | ||
| 526 | _aSEG70 | ||
| 526 | _aSEG69 | ||
| 526 | _aSEG67 | ||
| 526 | _aSEG43 | ||
| 526 | _aP144 | ||
| 526 | _aP143 | ||
| 526 | _aP131 | ||
| 526 | _aP122 | ||
| 526 | _aP120 | ||
| 526 | _aP117 | ||
| 526 | _aP112 | ||
| 526 | _aP110 | ||
| 526 | _aP106 | ||
| 526 | _aP101 | ||
| 526 | _aP80 | ||
| 526 | _aP59 | ||
| 526 | _aP54 | ||
| 526 | _aP35 | ||
| 526 | _aP33 | ||
| 526 | _aP30 | ||
| 650 | 0 | 4 |
_aÉtica _xEnsayos, conferencias, etc. |
| 650 | 0 | 4 |
_aÉtica _xAspectos psicológicos. |
| 942 |
_2ddc _cBOOK |
||
| 949 |
_a170.4 D92 _wDEWEY _c1 _i51150 _lCCODEBUL1 _mBUL _p15.00 _r0 _sY _tBOOK _u2015-06-24 _xTEOLOGIA _PP35 _0COMPRA _o.STAFF. Colección General |
||
| 596 | _a1 | ||
| 999 |
_a170.4 D92 _wDEWEY _c32850 _i51150 _f2021-11-4 _g5 _lCCODEBUL1 _mBUL _p15.00 _r0 _sY _tBOOK _u2015-6-24 _xBIBLIOTECA _PP35 _0COMPRA _o.STAFF. Colección General _d32850 |
||
| 980 |
_81 _gALBERTO SANCHEZ Responsable de Automatización |
||